Bibel Fragen Lukas - Statistiken

Allgemein
  • Dieses Quiz wurde 14 mal gespielt
  • Das Durchschnittsergebnis liegt bei 9 aus 31
Antwortstatistiken
Frage Antwort % Korrekt
Wem werden die Augen verschlossen und essen mit Jesus nach seiner Auferstehung zu Tisch? Als Jesus das Brot bricht und ihnen wieder die Augen geöffnet werden. Emmausjünger
58%
Wo findet sich der barmherzige Samariter?(Stelle) Lukas 10/Lk 10
58%
Wo stehen die Erlebnisse der Emmausjünger?(Stelle) Lukas 24/Lk 24
58%
Was heißt Evangelium übersetzt? Gute Botschaft/Frohe Botschaft
50%
Wo steht: „Es begab sich aber zu der Zeit…“? Lk 2/ Lukas 2
50%
Wo findet sich die Geschichten der Verlorenen?(Stelle) Lukas 15/Lk 15
50%
Wo steigt Zachäus auf einen Baum?(Stelle) Lukas 19/Lk 19
50%
Auf welche Frage antwortet die Geschichte des Barmherzigen Samariters?(1 Stichwort) Wer ist mein Nächster?
50%
Wo lehrt Jesus das Beten?(1 Stichwort bzw. Stelle) Lk 11/ Lukas 11/ Vater Unser/ Bitte heiligen Geist/Lk 18/ Lukas 18/ Witwe/ unaufhörlich/ Lk 21/ Lukas 21/ Wachen/ Wachsein/ Lk 22/ Lukas 22/ Gefangennahme/ Versuchung
42%
Was wurde in Lukas (...) verloren?(1 Stichwort) Schaf/ Groschen/ Sohn
42%
An wen ist das Wort in Lukas 1:1-4 gerichtet? Theophilus
42%
Beispiele, in denen Jesus in Lukas betet(1 Stichwort bzw. Stelle) Lk 3/ Lukas 3/ Taufe/Lk 6/ Lukas 6/ Jüngerberufung/ Lk 9/ Lukas 9/ Petrusbekenntnis/ Verklärung/ Lk 22/ Lukas 22/ (vor) Gefangennahme/ Lk 23/ Lukas 23/ Kreuz
33%
Welche Erzählungen in Lukas zeugen von Umkehr?(1 Stichwort bzw. Stelle) Lk 7/ Lukas 7/ Sünderin/ Salbung/Lk 15/ Lukas 15/ Verlorener Sohn/
Lk 23/ Lukas 23/ Verbrecher
33%
Wo in Lukas steht das Vater Unser?(Stelle) Lukas 11/Lk 11
33%
Wo findet sich die Feldrede?(Stelle) Lukas 6/Lk 6
33%
Wie nennt sich das Loblied der Maria noch? Magnificat
33%
Was ganz typisches für Lukas befindet sich in Lukas 15? (1 Stichwort) Die Geschichten der Verlorenen
25%
Wo findet sich ein reicher Mann und der arme Lazarus?(Stelle) Lukas 16/Lk 16
25%
Wo beten Zöllner und Pharisäer in einem Gleichnis?(Stelle) Lukas 18/Lk 18
25%
Wo befindet sich die Antrittspredigt Jesu?(Stelle) Lukas 4/Lk 4
25%
Für wen/welche Bevölkerungsgruppe steht Lukas ein? Armen
17%
Was sind die Themen der Feldrede? (1 Stichwort) Seligpreisungen/Wehrufe/Feindesliebe/ Umgang mit dem Nächsten/Barmherzigkeit/Gehorsam der Jünger ggü. ihrem Herrn/Splitter und Balken/ Baum und seine Früchte/Hausbau
17%
Wo in Lukas geht es um Selbstgerechtigkeit?(1 Stichwort bzw. Stelle) Lk 15/ Lukas 15/ Verlorener Sohn/Lk 18/ Lukas 18/ Pharisäer/Zöllner/ Gebet
17%
Wer ist der Letzte, der in Jesu Gegenwart umkehrt? Der reuige Verbrecher am Kreuz in Lukas 23
8%
Hinweise, dass Lukas für die Armen einsteht(1 Stichwort bzw. Stelle) Lk 1/ Lukas 1/ Lobgesang Maria/ MagnificatLk 2/ Lukas 2/ Geburt Stall/
Lk 6/ Lukas 6/ Seligpreisungen/ Wehrufe/ Lk 4/ Lukas 4/ Antrittspredigt/ Evangelium verkünden den Armen/ Lk 12/ Lukas 12/ reicher Kornbauer/ Lk 14/ Lukas 14/ Gastmahl/ Lk 16/ Lukas 16/ unehrlicher Verwalter/ ungerechter Verwalter/ reicher Mann/ armer Lazarus
8%
Hinweise auf:Erbarmen, Frieden und Gnade für
die Niedrigen, Hungrigen, die Verlorenen und die Umkehrer
(1 Stichwort bzw. Stelle)
Lk 1/ Lukas 1/ Lobgesang Maria/ Magnificat/Lk 2/ Lukas 2/ Hirten/ Zeugen/ Lk 4/ Lukas 4/ Evangelium/ Armen/
Lk 6/ Lukas 6/ Seligpreisungen/
Lk 7/ Lukas 7/ Sünderin/ Salbung/
Lk 15/ Lukas 15/ Verloren/ Lk 16/ Lukas 16/ reicher Mann/ Lazarus/
Lk 23/ Lukas 23/ Verbrecher
8%
Gottes Gericht gegenüber Macht, Hochmut und Reichtum (1 Stichwort bzw. Stelle) Lk 1/ Lukas 1/ Lobgesang Maria/ MagnificatLk 4/ Lukas 4/ Teufel/ Versuchung/ Lk 6/ Lukas 6/ Wehrufe/ Lk 12/ Lukas 12/ reicher Kornbauer/ Lk 16/ Lukas 16/ reicher Mann/ armer Lazarus/ Lazarus/ Lk 18/ Lukas 18/ Pharisäer/Zöllner/ Gebet
8%
Was erfahren wir aus Lukas 1:1-4 über dieses Evangelium? (1 Stichwort) Zuverlässigkeit/Sicherheit der Schrift bzw. Lehre
8%
Wem soll nach Lukas 4 das Evangelium verkündet werden? Den Armen/Armen
0%
Warum singen jene in der Vorgeschichte des Lukas? (1 Stichwort) Sie sind erfüllt vom Heiligen Geist.
0%
Wer singt in der Vorgeschichte des Lukas? (Name/n ohne und) Zacharias, Maria, Simeon
0%
Keine übereinstimmenden Quizze gefunden
Verteilung der Resultate
Anzahl Personen mit jedem Resultat
Perzentil nach korrekt beantworteten Fragen
Ihre Resultats-Entwicklung
Sie haben dieses Quiz noch nicht gespielt